| 000 | 01186nam a2200253 a 4500 | ||
|---|---|---|---|
| 008 | 111018s1987 ||||||||||||||||| || u | ||
| 020 | _a0397508018 | ||
| 050 | _aQP 518.3 Cha | ||
| 100 | _aChampe, Pamela C | ||
| 245 | 1 | 0 |
_aLippincott's illustrated reviews: biochemistry _cPamela C. Champe, Richard A. Harvey |
| 246 | _aBiochemistry | ||
| 260 |
_aPhiladelphia, PA _bJ. B. Lippincott _c1987 |
||
| 300 | _axvii, 441p.: ill. | ||
| 350 | _a0.00 | ||
| 490 | _aLippincott's illustrated reviews | ||
| 650 | _aCLINICAL BIOCHEMISTRY--EXAMINATIONS, QUESTIONS, ETC | ||
| 650 | _aBIOCHEMISTRY--EXAMINATIONS, QUESTIONS, ETC | ||
| 650 | _aCLINICAL BIOCHEMISTRY--OUTLINES, SYLLABI, ETC | ||
| 650 | _aBIOCHEMISTRY | ||
| 650 | _aBIOCHEMISTRY--OUTLINES, SYLLABI, ETC | ||
| 700 | _aHarvey, Richard A | ||
| 995 |
_aMEDICAL LIBRARY OPEN ACCESS _D0.00 _e900118 _FCBU-SCHOOL OF MEDICINE LIBRARY (Ndola) _H1 _I0.00 _jQP 518.3 Cha _M2 _UAVAILABLE _WOct 18, 2011 _y900118 _ZMedical Library Open Access Collection |
||
| 995 |
_aMEDICAL LIBRARY OPEN ACCESS _D0.00 _e900117 _FCBU-SCHOOL OF MEDICINE LIBRARY (Ndola) _H1 _I0.00 _jQP 518.3 Cha _M1 _UAVAILABLE _WOct 18, 2011 _y900117 _ZMedical Library Open Access Collection |
||
| 999 |
_c77382 _d77382 |
||